000 00238nam a2200085Ia 4500
008 201231s9999 xx 000 0 und d
100 _aGorton, Lars, Ihre, Rolf and Sandevarn, Arne
245 0 _aShipbroking and Chartering Practice
942 _cBK
999 _c9785
_d9785